Prístupy k vybraným modelom financovania ďalšieho vzdelávania

Prístupy k financovaniu vyššieho, resp. ďalšieho vzdelávania. Vybrané modely financovania ďalšieho vzdelávania v európskych krajinách. Financovanie ďalšieho vzdelávania prostredníctvom individuálnych vzdelávacích účtov v Škótsku. Financovanie ďalšieho vzdelávania prostredníctvom tréningových poukazo...

Ausführliche Beschreibung

Gespeichert in:
Bibliographische Detailangaben
1. Verfasser: Hudoková, Kristína
Format: Buchkapitel
Sprache:Slowakisch
Schlagworte:
Tags: Tag hinzufügen
Keine Tags, Fügen Sie das erste Tag hinzu!

MARC

LEADER 00000nla a2200000 4500
001 0183253
005 20240502073131.7
041 0 |a slo 
044 |a SK 
245 1 0 |a Prístupy k vybraným modelom financovania ďalšieho vzdelávania  |c Kristína Hudoková 
520 |a Prístupy k financovaniu vyššieho, resp. ďalšieho vzdelávania. Vybrané modely financovania ďalšieho vzdelávania v európskych krajinách. Financovanie ďalšieho vzdelávania prostredníctvom individuálnych vzdelávacích účtov v Škótsku. Financovanie ďalšieho vzdelávania prostredníctvom tréningových poukazov (voucherov) v Nemecku. Financovanie ďalšieho vzdelávania prostredníctvom sektorových tréningových fondov v Belgicku. 
610 2 0 |a financie 
610 2 0 |a financovanie 
610 2 0 |a vzdelávanie ďalšie 
610 2 0 |a Európa 
100 1 |a Hudoková, Kristína